Central Library OPAC University of Rajshahi

False start in Africa / (Record no. 2575)

MARC details
000 -LEADER
fixed length control field 00884nam a2200253 a 4500
001 - CONTROL NUMBER
control field 2575
003 - CONTROL NUMBER IDENTIFIER
rucl marc code BD-RjUL
005 - DATE AND TIME OF LATEST TRANSACTION
control field 20211208233601.0
008 - FIXED-LENGTH DATA ELEMENTS--GENERAL INFORMATION
fixed length control field 131212t19661962nyu 000 0 eng d
035 ## - SYSTEM CONTROL NUMBER
System control number (BD-RjUL)
System control number (BD-RjUL)2620
040 ## - CATALOGING SOURCE
Original cataloging agency ANL
Language of cataloging eng
Transcribing agency ANL
Modifying agency BD-RjUL
041 ## - LANGUAGE CODE
Language code of text/sound track or separate title eng
082 04 - DEWEY DECIMAL CLASSIFICATION NUMBER
Classification number 338.967
Edition number 16
Author mark and year DUF 1966
100 1# - MAIN ENTRY--PERSONAL NAME
Personal name Dumont, Rene,
Dates associated with a name 1904-
9 (RLIN) 8320
245 10 - TITLE STATEMENT
Title False start in Africa /
Statement of responsibility, etc. translated by Phyllis Nauts Ott ; introd. by Thomas Balogh ; with an additional chapter by John Hatch.
260 ## - PUBLICATION, DISTRIBUTION, ETC. (IMPRINT)
Place of publication, distribution, etc. New York :
Name of publisher, distributor, etc. Praeger,
Date of publication, distribution, etc. 1966.
300 ## - PHYSICAL DESCRIPTION
Pagination 320 p. ;
Size 22 cm.
500 ## - GENERAL NOTE
General note Originally published in French under the title: L'Afrique noire est mal partie.
504 ## - BIBLIOGRAPHY, ETC. NOTE
Bibliography, etc Includes bibliography.
651 #0 - SUBJECT ADDED ENTRY--GEOGRAPHIC NAME
Geographic name Africa, Sub-Saharan
General subdivision Economic conditions
Chronological subdivision 1918-
9 (RLIN) 8321
Geographic name Africa, Central
General subdivision Economic conditions
Chronological subdivision 1918-
9 (RLIN) 8322
942 ## - ADDED ENTRY ELEMENTS (KOHA)
Source of classification or shelving scheme Dewey Decimal Classification
Koha item type Books
Holdings
Lost status Source of classification or shelving scheme Damaged status Not for loan Collection code Permanent Location Current Location Shelving location Date acquired Source of acquisition Cost, normal purchase price Total Checkouts Full call number Date last seen Copy number Koha item type
  Dewey Decimal Classification     Non-fiction Central Library, University of Rajshahi Central Library, University of Rajshahi   06/08/1969 Mirza book agency 35.00   338.967 DUF 1966 12/12/2013 C-3 Books
  Dewey Decimal Classification     Non-fiction Central Library, University of Rajshahi Central Library, University of Rajshahi   06/08/1969 Mirza book agency 35.00   338.967 DUF 1966 12/12/2013 C-2 Books
  Dewey Decimal Classification   Not For Loan Non-fiction Central Library, University of Rajshahi Central Library, University of Rajshahi Reading Room 06/08/1969 Mirza book agency 35.00   338.967 DUF 1966 12/12/2013 C-1 Books